University Home | Library Home | Institutional Repository

Democratic socialism / (Record no. 128409)

MARC details
000 -LEADER
fixed length control field 00720cam7a220024100 4500
001 - CONTROL NUMBER
control field tmp15830237
003 - CONTROL NUMBER IDENTIFIER
control field UPRA
005 - DATE AND TIME OF LATEST TRANSACTION
control field 20190822094541.0
008 - FIXED-LENGTH DATA ELEMENTS--GENERAL INFORMATION
fixed length control field 951106s1963 ii eng u
035 ## - SYSTEM CONTROL NUMBER
System control number (Sirsi) r93186
035 ## - SYSTEM CONTROL NUMBER
System control number (UPRA)tmp15830237
040 ## - CATALOGING SOURCE
Transcribing agency UPRA
100 1# - MAIN ENTRY--PERSONAL NAME
Personal name Mehta, Asoka.
Linkage A51976.1
245 10 - TITLE STATEMENT
Title Democratic socialism /
Statement of responsibility, etc. foreword by Jayaprakash Narayan.
250 ## - EDITION STATEMENT
Edition statement [Rev. 4th ed.].
260 ## - PUBLICATION, DISTRIBUTION, ETC.
Place of publication, distribution, etc. Bombay :
Name of publisher, distributor, etc. Bharatiya Vidya Bhavan,
Date of publication, distribution, etc. 1963.
440 #0 - SERIES STATEMENT/ADDED ENTRY--TITLE
Title Bhavan's book university ;
Volume/sequential designation 63
Linkage S2337.1
504 ## - BIBLIOGRAPHY, ETC. NOTE
Bibliography, etc. note Bibliography: p. [178]-181.
650 #0 - SUBJECT ADDED ENTRY--TOPICAL TERM
Topical term or geographic name entry element Socialism (Works published 1939)
Linkage S40691.1
949 ## - LOCAL PROCESSING INFORMATION (OCLC)
a HX59
w lcc
m MAIN
t BOOK
l ON-SHELF
987 ## - LOCAL ROMANIZATION/CONVERSION HISTORY (OCLC)
Romanization/conversion identifier WITHDRAWN.

No items available.

© 2026 - The University of Zambia Library - Koha v25.11